Picasso y Minou / (Record no. 173459)

MARC details
000 -CABECERA
campo de control de longitud fija 00772nam a2200241 u 4500
005 - FECHA Y HORA DE LA ÚLTIMA TRANSACCIÓN
campo de control 20240228064201.0
008 - ELEMENTOS DE LONGITUD FIJA--INFORMACIÓN GENERAL
campo de control de longitud fija 150121s2011 es r 000 0 spa d
020 ## - NÚMERO INTERNACIONAL NORMALIZADO PARA LIBROS
Número Internacional Estándar del Libro 9788426137630
035 ## - NÚMERO DE CONTROL DEL SISTEMA
Número de control de sistema UPN01000201358
049 ## - COLECCIÓN
Colección I
050 #4 - SIGNATURA TOPOGRÁFICA DE LA BIBLIOTECA DEL CONGRESO
Número de clasificación PZ7
Número de documento/Ítem M3.64
100 1# - ASIENTO PRINCIPAL--NOMBRE PERSONAL
Nombre de persona Maltbíe, P.I
9 (RLIN) 36728
245 10 - MENCIÓN DE TÍTULO
Título Picasso y Minou /
Mención de responsabilidad, etc. P.I. Maltbíe ; tr. de Teresa Farran i Vert ; il. por Pau Estrada.
250 ## - MENCIÓN DE EDICIÓN
Mención de edición 2a ed.
260 ## - PUBLICACIÓN, DISTRIBUCIÓN, ETC.
Lugar de publicación, distribución, etc. Barcelona, Esp. :
Nombre del editor, distribuidor, etc. Juventud,
Fecha de publicación, distribución, etc. 2011.
300 ## - DESCRIPCIÓN FÍSICA
Extensión [40] p. :
Otras características físicas il. col
534 ## - NOTA SOBRE LA VERSIÓN ORIGINAL
Frase introductoria Titulo original:
Mención de título del original Picasso and Minou
650 #4 - ASIENTO SECUNDARIO DE MATERIA - TERMINO TEMATICO
Término de materia o nombre geográfico como elemento de entrada Libros y lectura para niños
9 (RLIN) 2290
600 14 - ASIENTO SECUNDARIO DE MATERIA - NOMBRE PERSONAL
Nombre de persona PICASSO, PABLO,
Fechas asociadas al nombre 1881-1973 -
Subdivisión de forma LITERATURA JUVENIL
9 (RLIN) 23539
650 #4 - ASIENTO SECUNDARIO DE MATERIA - TERMINO TEMATICO
Término de materia o nombre geográfico como elemento de entrada GATOS -
Subdivisión de forma LITERATURA INFANTIL
9 (RLIN) 10191
905 ## - TIPO DE MATERIAL
Tipo de material Infantil
Holdings
Estado de retiro Estado de pérdida Fuente del sistema de clasificación o colocación Estado dañado No para préstamo Código de colección Localización permanente Ubicación/localización actual Ubicación en estantería Fecha de adquisición Total de préstamos Clasificación Código de barras Fecha visto por última vez Número de copia Tipo de ítem Koha
    Library of Congress Classification     Infantil Bib. Gregorio Torres Quintero Bib. Gregorio Torres Quintero Sala infantil Planta baja 10/05/2023 1 PZ7 M3.64 300728 31/12/2020 1 Libro